00754nam a2200241Ia 4500003000400000005001700004008004100021020002200062040000700084041000800091082001500099100002600114245003900140260003800179300001400217365001400231650001900245650003300264906003600297942001200333999001900345952014800364OSt20230516115540.0210423s2014 xx 000 0 und d a978-81-265-5068-5 cAL aeng a581.1 SCOP aSCOTT (Peter)9105155 aPhysiology and behaviour of plants aNew DelhibWiley- Blackwellc2014 ax,305bPB b1260cINR aBotany9105156 aPhysiology of Plants9105157 abehaviour ; Physiology ; plants 2ddccBK c166331d166331 001040708BTaSACPGbSACPGd2015-01-19eBiblios Book Pointg1260.00l1o581.1 SCOPpPG012831r2024-08-30 00:00:00s2024-08-23w2021-04-26yBK